000 00658nam a22002297a 4500
001 00028922
005 20260428182749.0
008 260428b ag ||||| |||| 00| 0 spa d
020 _a8475836704
040 _aAR-CcCEOS
_bspa
_cAR-CcCEOS
041 _aspa
080 _a27-9
090 _bCHA v.2
100 1 _aChadwick, Henry,
_d1824-1908
_91139
245 _aEl cristianismo :
_bVeinte siglos de historia : Volumen II /
_cHenry Chadwick, y G. R. Evans
264 _aBarcelona :
_bFolio,
_c1994.
300 _a240 p. ;
_c24x18 cm.
490 _vAtlas culturales del mundo
650 0 _ahistoria
_990
655 0 _aarte
_9138
942 _2udc
_cBK
_n0
999 _c28974
_d28974